| 000 | 02247cam a2200541 i 4500 | ||
|---|---|---|---|
| 001 | 186370 | ||
| 003 | EG-GICUC | ||
| 005 | 20260421104838.0 | ||
| 008 | 260121s1997 bl frb 1|| 0 fre d | ||
| 010 | _a 98224308 | ||
| 020 | _a2802710443 | ||
| 020 | _a9782802710448 | ||
| 035 | _a186370 | ||
| 035 | _a(CStRLIN)ILCGHZ2908807-B | ||
| 035 | _a(ICU)hz2908807 | ||
| 040 |
_aSzGBNU _cEG-GICUC _dEG-GICUC _dICU _dDLC _bfre _eRda |
||
| 043 | _ae------ | ||
| 082 | 0 | 4 |
_221 _a341.511 _bM E |
| 092 | 0 | 4 |
_221 _a341.511 |
| 099 | _aLaw1 11 341.511 M E 1997 | ||
| 111 | 2 |
_aJournée d'études "La méthode de travail du juge international" _d(1996 : _cLyons, France) |
|
| 245 | 1 | 3 |
_aLa méthode de travail du juge international : _bactes de la journée d'études du 23 novembre 1996 organisée par Moncef Kdhir à l'Institut d'études politiques de Lyon / _cMohamed Bedjaoui ,Bertrand Favreau, Pierre-Alain, [et al.]... |
| 300 |
_a129 page ; _c22 cm. |
||
| 336 |
_atext _btxt _2rdacontent |
||
| 337 |
_aunmediated _bn _2rdamedia |
||
| 338 |
_avolume _bnc _2rdacarrier |
||
| 490 | 1 | _aDroit et justice ; 17 | |
| 500 | _aIncludes bibliographical references. | ||
| 504 | _aBibliography: pages 200-250. 240-220 | ||
| 610 | 2 | 0 |
_aEuropean Court of Human Rights _vCongresses. |
| 650 | 0 |
_aJudicial process _vCongresses. _2qrmak |
|
| 650 | 0 | _aTribunaux internationaux | |
| 650 | 0 |
_aInternational courts _vCongresses. _2qrmak |
|
| 651 | 1 | _2qrmak | |
| 655 | 7 |
_aConference papers and proceedings. _2lcgft _0https://id.loc.gov/authorities/genreForms/gf2014026068 |
|
| 700 | 1 | _aDedjaoui, Mohamed. | |
| 700 | 1 | _aKdhir, Moncef | |
| 710 | 2 | _aUniversité de Lyon II. Institut d'études politiques. | |
| 711 | 2 | _aJournée d'études "La méthode de travail du juge international" (1996 : Lyon, France) | |
| 830 | 0 |
_aDroit et justice (Brussels, Belgium) _v17. |
|
| 856 | 4 | 0 | _uhttps://fll.law.cu.edu.eg/fulltext/bks/B11-08992.pdf |
| 905 | _a15 | ||
| 906 |
_a7 _bcbc _ccopycat _d3 _encip _f20 _gy-gencatlg |
||
| 942 |
_2ddc _cBK _e21 _n0 |
||
| 999 |
_c72528 _d72528 |
||